| 000 | 00456nam a2200169 i 4500 | ||
|---|---|---|---|
| 001 | 146079 | ||
| 003 | ES-MaACL | ||
| 005 | 20230906201416.0 | ||
| 007 | t| | ||
| 008 | 070731s1968 sp ||||1| spa d | ||
| 080 | _a86-43"19" | ||
| 100 | 1 |
_aTorres Grueso, Juan. _9110968 |
|
| 245 | 1 | 0 |
_aEstampas de mi tiempo / _cJuan Torres Grueso. |
| 260 |
_aMadrid : _bRuidera, _c1968. |
||
| 300 |
_a173 p., 3 h. ; _c20 cm. |
||
| 852 |
_aES-MaACL _jC-49912 _bR.678442 |
||
| 999 |
_c146079 _d146079 |
||